Visualizzazione normale
Vista MARC
- Zè Maria
di Personal Name
Records bibliografici associati: 1
001 - CONTROL NUMBER
- control field: 26396
003 - CONTROL NUMBER IDENTIFIER
- control field: IT-RoPau
005 - DATE AND TIME OF LATEST TRANSACTION
- control field: 20140523120254.0
008 - FIXED-LENGTH DATA ELEMENTS
- fixed length control field: 140523|| aca||aabn | a|a d
040 ## - CATALOGING SOURCE
- Original cataloging agency: IT-RoPau
- Transcribing agency: IT-RoPau
100 ## - HEADING--PERSONAL NAME
- Personal name: Zè Maria
- Miscellaneous information: Codice autore testo/musica SPICS: 29518
- Relator term: Autore testo/musica
- Name of part/section of a work: Dancando lambada
670 ## - SOURCE DATA FOUND
- Source citation: Work cat.: (IT-RoPau)99632: AA.VV. 794, World Beat